000 00318nam a2200133Ia 4500
008 150301s2014 xx 000 0 und d
082 _a612.3
_bN14F
100 _aFEATURING
245 _aNUTRITION AND DIET THERAPY
260 _bJAYPEE MEDICAL PUB.
_c2014
300 _a724
650 _aNUTRITION
942 _2ddc
_cBK
_02
999 _c6838
_d6838